000 00714nam a2200289Ia 4500
005 20260324113058.0
008 008 260324s9999 xx 000 0 eng d
020 _a9781003493594
037 _aEBOOK
040 _aCRL
040 _beng
040 _cCRL
041 _2eng
041 _aeng
084 _qCRL
100 _aEnbo Xu; Dandan Li; Yang Tao
_91145330
245 0 _aNovel Physical Processing of Starch-Based Products
245 0 _bStrategy for Structure Control
260 _bTaylor and Francis
260 _c2024
365 _a
365 _b400
856 _uhttp://www.taylorfrancis.com/books/9781003493594
942 _cEBOOK
999 _c1734798
_d1734798